Movies Quiz

Random Movies Quiz

Samuel L. Jackson Movies Quiz Stats

 Plays Quiz not verified by Sporcle

Score 0/35 Timer 10:00
0 Plays Today
% Correct
Pulp Fiction
98.7%
The Avengers
97.5%
Snakes on a Plane
84.8%
The Incredibles
84.8%
Django Unchained
82.3%
The Hateful Eight
75.9%
Unbreakable
72.2%
Star Wars: Episode I - The Phantom Menace
65.8%
Coach Carter
59.5%
The Other Guys
57%
A Time to Kill
57%
Kingsman
55.7%
Turbo
55.7%
The Negotiator
51.9%
1408
44.3%
Jackie Brown
38%
Jumper
25.3%
RoboCop
22.8%
% Correct
Patriot Games
20.3%
Soul Men
20.3%
Formula 51
19%
Basic
15.2%
One Eight Seven
13.9%
The Man
11.4%
The Great White Hype
11.4%
Kill Bill: Vol. 2
10.1%
Oldboy
8.9%
Kiss of Death
8.9%
Hard Eight
7.6%
Freedomland
7.6%
Fresh
6.3%
True Romance
6.3%
Barely Lethal
5.1%
No Good Deed
5.1%
Zambezia
2.5%

You're not logged in!

Compare scores with friends on all Sporcle quizzes.
OR
Log In

You Might Also Like...

Show Comments

Extras

Created Jan 21, 2016ReportNominate
Tags:jackson, samuel

Top Quizzes Today


Score Distribution

Your Account Isn't Verified!

In order to create a playlist on Sporcle, you need to verify the email address you used during registration. Go to your Sporcle Settings to finish the process.

Report this User

Report this user for behavior that violates our Community Guidelines.

Details: